[Event "BL2-S9596"]
[Site "Germany"]
[Date "1996.??.??"]
[Round "?"]
[White "Luft, Andreas"]
[Black "Beikert, Guenther"]
[Result "0-1"]
[WhiteElo "2325"]
[BlackElo "2455"]

1.d4 Nf6 2.c4 c6 3.Nc3 d5 4.Nf3 e6 5.e3 Nbd7 6.Qc2 b6 7.b3 Bb7 8.Bd3 Be7
9.O-O Qc7 10.Bb2 O-O 11.Rad1 c5 12.Ne5 cxd4 13.exd4 Rfd8 14.Qe2 dxc4 15.bxc4 Nxe5
16.dxe5 Nd7 17.Nb5 Qc6 18.Qg4 Nc5 19.Nd6 Bxd6 20.exd6 g6 21.Bc2 Rxd6 22.Rxd6 Qxd6
23.Rd1 Qc6 24.Qg5 Rf8 25.Rd8 Nd7 26.Rxd7 f6 27.Rxh7 fxg5 28.Rg7+ Kh8 29.Rxb7+ e5
30.Bxe5+ Rf6 31.Rf7 Qe6 32.Bxf6+ Kg8 33.Rg7+ Kf8 34.Bc3 Qxc4 35.Rg8+ Qxg8
36.Bb3 Qh7 37.h3 Qc7 38.Bb4+ Kg7 39.g3 Qc1+ 40.Kg2 a5 41.Be7 b5  0-1

[Event "BL2-S9596"]
[Site "Germany"]
[Date "1996.??.??"]
[Round "?"]
[White "Orlowski, Juergen"]
[Black "Huber, Armin"]
[Result "1-0"]
[WhiteElo "2225"]
[BlackElo "2325"]

1.Nf3 d5 2.d4 Nf6 3.c4 e6 4.Nc3 c6 5.e3 Nbd7 6.Qc2 Bd6 7.h3 O-O 8.g4 Re8
9.g5 Nh5 10.Bd2 e5 11.cxd5 cxd5 12.Nxd5 e4 13.Ng1 Qxg5 14.Nc7 Bxc7 15.Qxc7 Nb6
16.Qc5 Bf5 17.Ne2 Rec8 18.Rg1 Qf6 19.Qe5 Qxe5 20.dxe5 Nd7 21.Bc3 Re8 22.Rg5 g6
23.Nd4 Ng7 24.Bb5 Rad8 25.O-O-O Bxh3 26.Rg3 a6 27.Ba4 b5 28.Bc2 Bf5 29.Ba5 Rc8
30.Nxf5 Nxf5 31.Rxd7 Nxg3 32.fxg3 Rxe5 33.Kd2 Rh5 34.Bxe4 Rh2+ 35.Kd3 Rxb2
36.Bd5 Rf2 37.Ra7 Rf6 38.Bc3 Rf5 39.Bb3 a5 40.Bxa5 h5 41.Bc3 Rd8+ 42.Bd4 g5
43.Ke2 Re8 44.Rb7 g4 45.Rb6 Kf8 46.Rh6 Rf3 47.Rh7 Rf5 48.Bc2 Rf3 49.Bc5+ Kg8
50.Rxh5 f6 51.Bd4 Rxg3 52.Rf5 Rg2+ 53.Kd3 g3 54.Bxf6 Rxe3+ 55.Kxe3 Rxc2 56.a3 g2
57.Rg5+ Kf7 58.Bd4 Ke6 59.Kd3 Ra2 60.Bc5 Kd7 61.Rg6 Ra1 62.Rxg2 Kc6 63.Bb4 Rd1+
64.Kc2 Rd4 65.Kb3 Rh4 66.Rg6+ Kd5 67.Rd6+ Ke4 68.Bc3  1-0

[Event "BL2-S9596"]
[Site "Germany"]
[Date "1996.??.??"]
[Round "?"]
[White "Pfleger, Michael"]
[Black "Bach, Edwin"]
[Result "1/2-1/2"]
[WhiteElo "2270"]
[BlackElo "2325"]

1.d4 d5 2.Nf3 Nf6 3.c4 e6 4.Nc3 c6 5.e3 Nbd7 6.cxd5 exd5 7.Bd3 Bd6 8.O-O O-O
9.h3 Re8 10.Qc2 h6 11.Re1 Nf8 12.e4 dxe4 13.Nxe4 Nxe4 14.Bxe4 Be6 15.Be3 Bc7
16.Ne5 Bd5 17.Bxd5 Qxd5 18.f4 Ne6 19.Rad1 Bb6 20.Qf2 Rad8 21.Nf3 Nc7 22.b3 Qd6
23.Ne5 Nd5 24.Nc4 Qf6 25.Nxb6 axb6 26.Bc1 Nc3 27.Rxe8+ Rxe8 28.Re1 Rxe1+
29.Qxe1 Nxa2 30.Qe8+ Kh7 31.Qe4+ g6 32.Bd2 Qd6 33.f5 Nb4 34.fxg6+ fxg6 35.Bf4 Qd7
36.Kh2 Nd5 37.Be5 Qf5 38.Qe2 Nf4 39.Qd2 g5 40.Qb4 Ng6 41.Qd6 Nxe5 42.dxe5 Qf4+
43.Kg1 Qc1+ 44.Kf2 Qf4+ 45.Ke2 Qe4+ 46.Kf2  1/2-1/2

[Event "BL2-S9596"]
[Site "Germany"]
[Date "1996.??.??"]
[Round "?"]
[White "Pinter, Jozsef"]
[Black "Fahnenschmidt, Gerhard"]
[Result "1-0"]
[WhiteElo "2560"]
[BlackElo "2400"]

1.d4 d5 2.c4 e6 3.Nc3 c6 4.e3 Nf6 5.Nf3 Nbd7 6.Bd3 dxc4 7.Bxc4 b5 8.Bd3 Bb7
9.e4 b4 10.Na4 c5 11.e5 Nd5 12.dxc5 Bxc5 13.Nxc5 Nxc5 14.Bb5+ Kf8 15.O-O Qb6
16.Bc4 Rd8 17.Qd4 Ne7 18.Qg4 h5 19.Qh3 Nf5 20.Bg5 Rc8 21.Rad1 Ne4 22.Bd3 Kg8
23.Bf4 Rd8 24.Ng5 Rd4 25.Bxe4 Bxe4 26.Be3 Nxe3 27.Qxe3 Rxd1 28.Rxd1 Bd5 29.Rc1 Qd8
30.h4 f6 31.exf6 gxf6 32.Nxe6 Bxe6 33.Qxe6+ Kg7 34.Qe3 Re8 35.Qxa7+ Kg6 36.Qa4 Re4
37.Qc2 f5 38.Qc6+ Kg7 39.Qb7+ Kf6 40.Rc6+ Ke5 41.Qg7+ Kd5 42.Rc1 Qe8 43.Qb7+ Kd6
44.Qc7+ Kd5 45.Rc5+ Ke6 46.Rc6+ Kd5 47.Qd6+  1-0

[Event "BL2-S9596"]
[Site "Germany"]
[Date "1996.??.??"]
[Round "?"]
[White "Schwalfenberg, Joerg"]
[Black "Bogdanovich, Grigory"]
[Result "1/2-1/2"]
[WhiteElo "2300"]
[BlackElo "2375"]

1.d4 Nf6 2.Nf3 d5 3.c4 c6 4.e3 e6 5.Nc3 Nbd7 6.Qc2 Be7 7.Be2 dxc4 8.Bxc4 c5
9.O-O cxd4 10.Nxd4 O-O 11.Rd1 a6 12.Nce2 b5 13.Nc6 Qe8 14.Bd3 Nc5 15.Nxe7+ Qxe7
16.e4 e5 17.Be3 Nxd3 18.Qxd3 Be6 19.Qc3 Qb7 20.f3 Nd7 21.Qa5 Rfc8 22.Nc3 Qc7
23.Qxc7 Rxc7 24.a3 Kf8 25.Rd6 Nc5 26.Nd5 Bxd5 27.Rxd5 Rac8 28.Rad1 Na4 29.R1d2 f6
30.b3 Nc5 31.Rb2 Ke7 32.Bd2 Nb7 33.Bb4+ Ke6 34.a4 a5 35.Bd2 b4 36.Rb5 Rd7
37.Be3 Rc3 38.Kf2 g5 39.Ke2 Rdd3 40.Bd2 Nc5 41.Bxc3 Rxc3 42.Rxa5 Nxb3 43.Rb5 Nd4+
44.Kd2 Nxb5 45.Rxb4 Ra3 46.axb5 Kd7 47.Ke2 Ra2+ 48.Kf1 Ra7 49.Kf2 Rb7 50.Kg3 h5
51.h4 Rb6 52.Rb1 Ke7 53.hxg5 fxg5 54.Rh1 Rh6 55.Rd1 Rb6 56.Rd5 Ke6 57.Rc5 Kd6
58.Rd5+ Ke6 59.Kf2 Rd6 60.Rc5 Rd2+ 61.Kg3 Rb2 62.Rc6+ Kf7 63.b6 Kg7 64.Re6 Rb5
65.Kh3 Kh7 66.Kg3 Kg7 67.Kf2 Kf7 68.Rh6 h4 69.Kg1 Kg7 70.Rc6 g4 71.fxg4 Rb4
72.Kh2 Rxe4 73.Kh3 Rb4 74.Kxh4 e4 75.Kg3 e3 76.Kf3 Rb3 77.Ke2 Kf7 78.Kf3 Kg7
79.Re6 Kf7 80.Rxe3 Rxb6  1/2-1/2

[Event "BL2-S9596"]
[Site "Germany"]
[Date "1996.??.??"]
[Round "?"]
[White "Schwalfenberg, Joerg"]
[Black "Gerstner, Wolfgang"]
[Result "1-0"]
[WhiteElo "2300"]
[BlackElo "2385"]

1.d4 d5 2.c4 c6 3.e3 Nf6 4.Nc3 e6 5.Nf3 Nbd7 6.Qc2 b6 7.Be2 Bb7 8.O-O Be7
9.e4 dxe4 10.Nxe4 Qc7 11.Nxf6+ Bxf6 12.c5 O-O 13.Be3 e5 14.dxe5 Nxe5 15.Ng5 Ng6
16.h4 Rfe8 17.Rad1 Bxg5 18.hxg5 bxc5 19.Qxc5 Qb6 20.Bc4 Ba6 21.Bxf7+ Kh8
22.Qxb6 axb6 23.Bxe8 Bxf1 24.Bxg6  1-0

[Event "BL2-S9596"]
[Site "Germany"]
[Date "1996.??.??"]
[Round "?"]
[White "Staiger, Frank"]
[Black "Schreiner, Richard"]
[Result "1-0"]
[WhiteElo "2285"]
[BlackElo "2225"]

1.d4 Nf6 2.Nf3 e6 3.e3 d5 4.c4 c6 5.Nc3 Nbd7 6.Qc2 Bd6 7.Bd3 dxc4 8.Bxc4 b5
9.Bd3 Bb7 10.O-O a6 11.Rd1 Qe7 12.e4 e5 13.Ne2 c5 14.dxc5 Nxc5 15.Ng3 g6
16.Bh6 Ng4 17.Bg5 f6 18.Bd2 Rc8 19.Qb1 Nxd3 20.Qxd3 Bc5 21.Be1 f5 22.Qe2 O-O
23.exf5 e4 24.Nd4 Qh4 25.h3 Ne5 26.Kh1 Nd3 27.Ne6 Nxf2+ 28.Bxf2 e3 29.Qg4 Qxg4
30.hxg4 exf2 31.Nxf8 Kxf8 32.Rd7 Re8 33.Rf1 Re7 34.Rxe7 Kxe7 35.Kh2 Kf6 36.fxg6 hxg6
37.Nh1 Kg5 38.Nxf2 Bd5 39.b3 Be6 40.Ne4+ Kxg4 41.Nxc5  1-0

[Event "BL2-W9596"]
[Site "Germany"]
[Date "1996.??.??"]
[Round "?"]
[White "Jackelen, Thomas"]
[Black "Kalka, Arkadius Georg"]
[Result "1-0"]
[WhiteElo "2405"]
[BlackElo "2330"]

1.Nf3 d5 2.c4 c6 3.e3 Nf6 4.Nc3 e6 5.d4 Nbd7 6.Bd3 dxc4 7.Bxc4 b5 8.Be2 Bb7
9.O-O a6 10.e4 c5 11.e5 Nd5 12.a4 Nxc3 13.bxc3 c4 14.Nd2 Nb6 15.Bf3 Bxf3
16.Qxf3 Nd5 17.Ne4 Be7 18.Qg3 g6 19.Bh6 b4 20.cxb4 Nxb4 21.Bg7 Rg8 22.Bf6 Kf8
23.Ng5 Nd5 24.Nxh7+ Ke8 25.Rfc1 c3 26.Qf3 Rc8 27.Rab1 Nxf6 28.Nxf6+ Bxf6
29.Qxf6 Qxf6 30.exf6 Kd7 31.Rb6 Rc4 32.Kf1 Rgc8 33.Rxa6 Rxd4 34.Ra7+ Ke8
35.a5 Rf4 36.Re7+ Kf8 37.a6 Rxf6 38.Rb7 Ra8 39.a7 Kg7 40.Rxc3 e5 41.Rcc7 Ra6
42.Rxf7+ Kh6 43.h4 Kh5 44.g3 g5 45.Rf5  1-0

[Event "BL2-W9596"]
[Site "Germany"]
[Date "1996.??.??"]
[Round "?"]
[White "Jackelen, Thomas"]
[Black "Kohlweyer, Bernd"]
[Result "0-1"]
[WhiteElo "2405"]
[BlackElo "2420"]

1.Nf3 d5 2.c4 c6 3.e3 Nf6 4.Nc3 e6 5.d4 Nbd7 6.Qc2 Bd6 7.Be2 O-O 8.O-O Re8
9.Rd1 Qe7 10.h3 b6 11.e4 Nxe4 12.Nxe4 dxe4 13.Qxe4 Bb7 14.Bf4 Bxf4 15.Qxf4 c5
16.Qc7 Rab8 17.dxc5 Nxc5 18.Qxe7 Rxe7 19.Ne5 f6 20.Nd3 Nd7 21.Nf4 Kf7 22.Rd6 Ne5
23.Rad1 Rc8 24.b3 Rcc7 25.Nd3 Nd7 26.Bg4 g5 27.h4 h6 28.hxg5 hxg5 29.Bh5+ Kg7
30.Re1 Nf8 31.Re3 Red7 32.Rxd7+ Rxd7 33.g3 f5 34.Bf3 Bxf3 35.Rxf3 Kf6 36.Re3 Ng6
37.Kf1 f4 38.gxf4 gxf4 39.Rh3 e5 40.Ke2 e4 41.Nb4 Kg5 42.Rh1 Ne7 43.Rg1+ Kf6
44.Rg4 a5 45.Nc2 Ng6 46.Rg1 Ne5 47.Rh1 f3+ 48.Ke3 Ng4+ 49.Kf4 Nxf2 50.Rh6+ Kg7
51.Rxb6 Rf7+ 52.Kg3 Nd1 53.Rd6 f2 54.Rxd1 f1=Q 55.Rxf1 Rxf1 56.Kg2 Rf3 57.Nd4 Rd3
58.Nc6 Kf6 59.Kf2 Kf5 60.Ke2 Kf4 61.Nxa5 Rh3 62.a4 Rh2+ 63.Kd1 Ke3 64.Nb7 Rb2
65.Nc5 Kd4 66.Ne6+ Kc3 67.Nc5 e3 68.a5 Ra2 69.a6 e2+ 70.Ke1 Kd4 71.b4 Ke3
72.Nb3 Rb2  0-1

[Event "Bundesliga 9596"]
[Site "Germany"]
[Date "1996.??.??"]
[Round "?"]
[White "Libeau, Rene"]
[Black "Lau, Ralf"]
[Result "0-1"]
[WhiteElo "2460"]
[BlackElo "2490"]

1.Nf3 Nf6 2.c4 e6 3.Nc3 d5 4.d4 c6 5.e3 Nbd7 6.Qc2 Bd6 7.Bd2 O-O 8.h3 a6
9.g4 dxc4 10.Bxc4 b5 11.Bd3 c5 12.g5 c4 13.Be2 Nd5 14.a4 Bb7 15.Ne4 Nb4 16.Qb1 Be7
17.Rg1 Kh8 18.Kf1 Qc7 19.Rg4 Nd5 20.Qc2 Rac8 21.Rh4 g6 22.Rc1 Kg8 23.Qb1 Bc6
24.axb5 axb5 25.b3 N5b6 26.Ba5 cxb3 27.Nfd2 Bxe4 28.Rxc7 Bxb1 29.Bxb6 Nxb6
30.Rxe7 Bc2  0-1

[Event "Bundesliga 9596"]
[Site "Germany"]
[Date "1996.??.??"]
[Round "?"]
[White "Mathonia, Claude"]
[Black "Wegner, Hannu"]
[Result "1/2-1/2"]
[WhiteElo "2210"]
[BlackElo "2355"]

1.d4 d5 2.c4 e6 3.Nc3 c6 4.e3 Nf6 5.Nf3 Nbd7 6.Qc2 Bd6 7.Be2 O-O 8.O-O b6
9.e4 dxe4 10.Nxe4 Nxe4 11.Qxe4 Bb7 12.Bg5 Qc7 13.Rad1 Rae8 14.c5 bxc5 15.dxc5 Bxc5
16.b4 Bb6 17.Qh4 Ne5 18.Nxe5  1/2-1/2

[Event "Bundesliga 9596"]
[Site "Germany"]
[Date "1996.??.??"]
[Round "?"]
[White "Michaelsen, Nils"]
[Black "Borik, Otto"]
[Result "1-0"]
[WhiteElo "2435"]
[BlackElo "2400"]

1.d4 d5 2.c4 e6 3.Nf3 c6 4.e3 Nf6 5.Nc3 Nbd7 6.Qc2 Bd6 7.Bd2 O-O 8.Bd3 Qe7
9.O-O e5 10.cxd5 cxd5 11.e4 exd4 12.Nxd5 Nxd5 13.exd5 h6 14.Rfe1 Qf6 15.Re4 Nc5
16.Rxd4 Nxd3 17.Qxd3 Bf5 18.Qb3 Bc5 19.Rf4 Bd6 20.Bc3 Qg6 21.Be5 Bxe5 22.Nxe5 Qg5
23.Qf3 Bg6 24.Re1 Bh5 25.g4 Bg6 26.Qg3 Rae8 27.Rd4 Qd8 28.Rdd1 Bc2 29.Rc1 Bh7
30.Rcd1 Bc2 31.Rd2 Bh7 32.d6 Re6 33.d7 Qe7 34.f4 f5 35.Qb3 Rd8 36.Nf3 Kf7
37.Rde2 fxg4 38.Rxe6 Qc5+ 39.R6e3+ Kf8 40.Ne5  1-0

[Event "BL2-S9697"]
[Site "Germany"]
[Date "1996.??.??"]
[Round "?.1"]
[White "Kekelidze, Mikheil"]
[Black "Schwalfenberg, Joerg"]
[Result "1-0"]
[WhiteElo "2325"]
[BlackElo "2320"]

1.d4 d5 2.c4 c6 3.Nf3 Nf6 4.Nc3 e6 5.e3 Nbd7 6.Bd3 dxc4 7.Bxc4 b5 8.Bb3 Bb7
9.O-O a6 10.e4 b4 11.Ne2 Nxe4 12.Nf4 g5 13.Nxe6 fxe6 14.Re1 Ndc5 15.dxc5 Qxd1
16.Bxd1 Nxc5 17.Nxg5 Kd7 18.Bc2 h6 19.Nf7 Rg8 20.Be3 Kc7 21.Nxh6 Rh8 22.Nf7 Rh5
23.Rac1 Rd5 24.Ng5 Bh6 25.Nxe6+ Nxe6 26.Bxh6 Nd4 27.Be4 Rd7 28.f3 Re8 29.Kf2 b3
30.a3 a5 31.Rc3 a4 32.h4 Nb5 33.Rc4 Rd4 34.Bf4+ Kc8 35.Bf5+ Kd8 36.Rxd4+  1-0

[Event "BL2-S9697"]
[Site "Germany"]
[Date "1996.??.??"]
[Round "?.1"]
[White "Zeller, Frank"]
[Black "Schlindwein, Rolf"]
[Result "1-0"]
[WhiteElo "2410"]
[BlackElo "2440"]

1.d4 d5 2.c4 c6 3.Nf3 Nf6 4.Nc3 e6 5.e3 Be7 6.Bd3 Nbd7 7.O-O O-O 8.Qe2 dxc4
9.Bxc4 b5 10.Bd3 Bb7 11.e4 b4 12.Na4 Qa5 13.b3 Rfc8 14.Bg5 Bf8 15.Rad1 c5
16.dxc5 Bxc5 17.Bb5 Bc6 18.Bxc6 Rxc6 19.Rd2 h6 20.Bh4 Qc7 21.Rfd1 e5 22.Nb2 Re8
23.Nc4 Nb6 24.Na5 Rce6 25.Rc2 Qe7 26.Qb5 Rc8 27.Bxf6 Rxf6 28.Rdc1 Qd7 29.Qxd7 Nxd7
30.Nb7 Rfc6 31.Nxc5 Rxc5 32.Rxc5 Rxc5 33.Rxc5 Nxc5 34.Nxe5 Nxe4 35.Nc6 a5
36.Nxa5 Nc3 37.Kf1 Kf8 38.Ke1 Nxa2 39.Kd2 Ke7 40.Kd3 Kd6 41.Kc4 Kc7 42.Kc5 Nc1
43.Kxb4 Nd3+ 44.Kc4 Nxf2 45.Kd4 f6 46.Nc4 h5 47.Ne3 Kc6 48.Nf5 g5 49.Ng3 Ng4
50.h3 Nf2 51.Ke3 Nd1+ 52.Kd2 Nf2 53.Ke2 h4 54.Kxf2 hxg3+ 55.Kxg3 f5 56.h4  1-0

[Event "BL2-S9697"]
[Site "Germany"]
[Date "1996.??.??"]
[Round "?.2"]
[White "Farago, Ivan"]
[Black "Werner, Marc"]
[Result "1-0"]
[WhiteElo "2515"]
[BlackElo "2360"]

1.d4 d5 2.c4 c6 3.Nf3 Nf6 4.Nc3 e6 5.e3 Nbd7 6.Qc2 Bd6 7.Be2 O-O 8.O-O Re8
9.Rd1 Qe7 10.b3 b6 11.Bb2 Bb7 12.Rac1 Rad8 13.h3 h6 14.Bf1 Ba8 15.g3 Rc8
16.Bg2 Red8 17.Qe2 c5 18.cxd5 exd5 19.dxc5 bxc5 20.Nh4 Qe6 21.Qa6 Bb8 22.Qa5 g5
23.Nf3 Qf5 24.Ne2 Ne4 25.g4 Qe6 26.Nd2 Nef6 27.Nf1 h5 28.gxh5 Nxh5 29.Qd2 Ne5
30.e4 f6 31.exd5 Qf5 32.Bxe5 Qxe5 33.Qe3 Ng7 34.Qxe5 Bxe5 35.Ne3 Rd7 36.Ng4 Nf5
37.Be4 Nd6 38.Nxe5 fxe5 39.f3 Kg7 40.Bc2 Nb5 41.Bf5  1-0

[Event "BL2-S9697"]
[Site "Germany"]
[Date "1996.??.??"]
[Round "?.3"]
[White "Riedel, Wolfgang"]
[Black "Werner, Marc"]
[Result "1/2-1/2"]
[WhiteElo "2350"]
[BlackElo "2360"]

1.d4 d5 2.c4 c6 3.Nf3 Nf6 4.Nc3 e6 5.e3 Nbd7 6.Qc2 Bd6 7.Bd2 b6 8.O-O-O Bb4
9.Kb1 a5 10.Ne5 Nxe5 11.dxe5 Nd7 12.cxd5 exd5 13.a3 Be7 14.f4 Nc5 15.e4 Bg4
16.Be2 Bxe2 17.Nxe2 dxe4 18.Be3 Qc7 19.Bxc5 Bxc5 20.Qxe4 O-O 21.Nd4 Rac8
22.Rd3 Bxd4 23.Rxd4 c5 24.Rd6 c4 25.Qd5 b5 26.Rc1 b4 27.Rd7 Qb6 28.Rb7 Qg6+
29.Ka1 bxa3 30.bxa3 Qg4 31.Qf3 Qe6 32.Qe4 g6 33.h3 Rfd8 34.Rb5 c3 35.Qa4 Rd2
36.Qb3 Rxg2 37.Qxe6 fxe6 38.Rxa5 Rc4 39.Rb5 Rxf4 40.Rxc3 Rf1+ 41.Rb1 Rxb1+
42.Kxb1 Re2 43.Rc5 Re3 44.Kb2 Rxh3 45.a4 Rd3 46.Rc8+ Kf7 47.Rc7+ Ke8 48.Rxh7  1/2-1/2

[Event "BL2-W9697"]
[Site "Germany"]
[Date "1996.??.??"]
[Round "?.4"]
[White "Wisskirchen, Andreas"]
[Black "Fleck, Juergen"]
[Result "1/2-1/2"]
[WhiteElo "2290"]
[BlackElo "2385"]

1.d4 d5 2.Nf3 Nf6 3.c4 c6 4.Nc3 e6 5.e3 Nbd7 6.Qc2 Bd6 7.Be2 O-O 8.O-O dxc4
9.Bxc4 b5 10.Be2 Bb7 11.b3 a6 12.a4 b4 13.Ne4 Nxe4 14.Qxe4 Rb8 15.Bb2 Qe7
16.Rfd1 c5 17.Qg4 Nf6 18.Qh3 Rfd8 19.Rac1 Rbc8 20.Bc4 a5 21.Ng5 cxd4 22.Bxd4 h6
23.Nf3 Bc5 24.Be5 Rxd1+ 25.Rxd1 Rd8 26.Rf1 Bd6 27.Qg3 Qc7 28.Bxd6 Qxd6 29.Qxd6 Rxd6
30.Nd4 Ne4 31.Rc1 Nc3 32.Kf1 Rd8 33.f3 Kf8 34.Nb5 Nxb5 35.axb5 Ke7 36.Ra1 Ra8
37.Rd1 Rd8 38.Ra1 Ra8 39.Rd1  1/2-1/2

[Event "Hessenliga 9596"]
[Site "Germany"]
[Date "1996.??.??"]
[Round "?"]
[White "Kersting, Martin"]
[Black "Hohmeister, Jens"]
[Result "0-1"]
[WhiteElo "2280"]
[BlackElo "2180"]

1.d4 d5 2.Nf3 Nf6 3.c4 c6 4.e3 e6 5.Nc3 Nbd7 6.Qc2 Be7 7.Be2 dxc4 8.Bxc4 b5
9.Be2 a6 10.a4 Bb7 11.O-O O-O 12.Rd1 Qb6 13.Bd2 Rac8 14.Qb1 b4 15.a5 Qc7
16.Na4 Ra8 17.Rc1 Qxa5 18.Nc5 Qb6 19.Nxb7 Qxb7 20.Ne5 Nxe5 21.dxe5 Nd5 22.Rc4 Rfd8
23.Bc1 a5 24.Rg4 a4 25.h4 a3 26.e4 Nc3 27.bxc3 b3 28.Bh6 g6 29.Bc4 b2 30.Ra2 Rd1+
31.Qxd1 b1=Q 32.Qxb1 Qxb1+ 33.Kh2 Ra4 34.Rd2 Rxc4 35.Rd7 Ra4 36.Rxe7 Qb8
37.Rf4 Ra7 38.Rfxf7 Rxe7 39.Rxe7 a2 40.Rg7+ Kh8 41.Rf7 a1=Q 42.Rf8+ Qxf8
43.Bxf8 Qxc3  0-1

[Event "Oberliga Ost A9596"]
[Site "Germany"]
[Date "1996.??.??"]
[Round "?"]
[White "Studeny, Steffen"]
[Black "Rausch, Stephan"]
[Result "1-0"]
[WhiteElo "2210"]
[BlackElo "2295"]

1.d4 d5 2.Nf3 Nf6 3.c4 e6 4.Nc3 c6 5.e3 Nbd7 6.Qc2 Bd6 7.Be2 O-O 8.O-O b6
9.e4 dxe4 10.Nxe4 Nxe4 11.Qxe4 Bb7 12.Bg5 Be7 13.Bd3 g6 14.Qh4 Re8 15.Rfe1 Nf8
16.Rad1 Bxg5 17.Nxg5 Kg7 18.Qf4 Qf6 19.Qxf6+ Kxf6 20.Ne4+ Ke7 21.c5 Red8
22.Nd6 Rab8 23.b4 Nd7 24.d5 Nf6 25.Nxb7 Rxb7 26.dxc6 Rc7 27.cxb6 axb6 28.b5 Nd5
29.Bc4 Kd6 30.Rc1 Ra7 31.g3 Kc7 32.Red1 Ra3 33.Bb3 h6 34.Rd2 Rd6 35.Rcd1 Ra8
36.Rd3 Rad8 37.Rf3 f5 38.Bc4 Kb8 39.Rfd3 Kc7 40.Ra3 Nb4 41.Ra7+ Kb8 42.c7+  1-0

[Event "Bundesliga 9596"]
[Site "Germany"]
[Date "1996.??.??"]
[Round "?"]
[White "Muse, Mladen"]
[Black "Schmidt, Georg"]
[Result "1/2-1/2"]
[WhiteElo "2445"]
[BlackElo "2130"]

1.d4 Nf6 2.Nf3 d5 3.c4 e6 4.Nc3 c6 5.e3 Nbd7 6.Qc2 Bd6 7.Bd2 Qe7 8.O-O-O dxc4
9.Bxc4 b5 10.Bd3 a6 11.e4 e5 12.dxe5 Bxe5 13.Nxe5 Nxe5 14.Be2 O-O 15.f4 Ned7
16.e5 Nd5 17.Nxd5 cxd5 18.Qc7 Rb8 19.Kb1 Qc5 20.Rc1 Qf2 21.Bb4 Re8 22.Bf3 Qd4
23.Bd6 Nf8 24.Rhd1 Qxf4 25.Bxd5 Be6 26.Rf1 Qg4 27.Bxe6 Qxe6 28.Qa5 Rbc8 29.Rxc8 Rxc8
30.Ka1 Qc4 31.Rb1 Qc6 32.Bxf8 Rxf8  1/2-1/2

[Event "BL2-O9596"]
[Site "Germany"]
[Date "1996.??.??"]
[Round "?"]
[White "Cordes, Hans Joerg"]
[Black "Balzar, Andreas"]
[Result "1/2-1/2"]
[WhiteElo "2300"]
[BlackElo "2320"]

1.d4 d5 2.c4 c6 3.Nc3 Nf6 4.e3 e6 5.Nf3 Nbd7 6.Qc2 Bd6 7.Bd3 O-O 8.O-O Qe7
9.e4 dxc4 10.Bxc4 e5 11.Be3 b5 12.Bb3 exd4 13.Nxd4 Ng4 14.Nf5 Qf6 15.h3 Nxe3
16.Nxe3 Nc5 17.Rad1 Nxb3 18.Qxb3 Bc7 19.Ne2 Qg6 20.Nf5 Bxf5 21.exf5 Qxf5
22.Nd4 Qf4 23.g3 Qh6 24.Kh2 Bb6 25.Qf3 Bxd4 26.Rxd4 Rad8 27.Rfd1 Rxd4 28.Rxd4 Qe6
29.a3 h6 30.Qc3 Qf5 31.Rf4 Qd5 32.Rg4 f6 33.Qe3 f5 34.Rg6 f4 35.gxf4 Kh7
36.Re6 Rxf4 37.Rxh6+ Kxh6 38.Qxf4+ Kh7 39.Qh4+ Kg8 40.Qf4 a5 41.h4 Qc5 42.Kg3 b4
43.axb4 axb4 44.h5 Qb5 45.Kh4 b3 46.Qe4 Qc5 47.Qe6+ Kf8 48.Qxb3 Qxf2+  1/2-1/2

[Event "Landesliga S9596 Bayern"]
[Site "Germany"]
[Date "1996.??.??"]
[Round "?"]
[White "Strangmueller, Andreas"]
[Black "Schimpf, Markus"]
[Result "0-1"]
[WhiteElo "1910"]
[BlackElo "1950"]

1.d4 d5 2.c4 e6 3.Nc3 c6 4.e3 Nf6 5.Nf3 Nbd7 6.Qc2 Bd6 7.e4 Nxe4 8.Nxe4 dxe4
9.Qxe4 c5 10.Be3 Nf6 11.Qc2 Qc7 12.Be2 cxd4 13.Nxd4 Bb4+ 14.Bd2 Bxd2+ 15.Qxd2 a6
16.O-O O-O 17.Qe3 Bd7 18.Rac1 e5 19.Nc2 e4 20.Nb4 Be6 21.f3 exf3 22.Bxf3 Rad8
23.Kh1 a5 24.Nd5 Bxd5 25.Bxd5 Qxh2+ 26.Kxh2 Ng4+ 27.Kg1 Nxe3 28.Rf3 Nxd5
29.cxd5 Rxd5 30.Rc7 b5 31.a3 g6 32.Rb7 f5 33.Re3 Rf7 34.Re8+ Kg7 35.Rb6 Rc7
36.Reb8 Rcc5 37.R6b7+ Kf6 38.Rxh7 Rd1+ 39.Kh2 Rcc1 40.Rb6+ Kg5 41.Rg7 Kf4  0-1

[Event "Oberliga Nord O9697"]
[Site "Germany"]
[Date "1996.??.??"]
[Round "?"]
[White "Baumbach, Friedrich"]
[Black "Mueller, Werner2"]
[Result "1/2-1/2"]
[WhiteElo "2320"]
[BlackElo "2200"]

1.d4 Nf6 2.c4 c6 3.Nf3 d5 4.Nc3 e6 5.e3 Be7 6.Bd3 O-O 7.O-O dxc4 8.Bxc4 b5
9.Bd3 Bb7 10.e4 b4 11.Na4 Nbd7 12.Qc2 h6 13.Qe2 Qa5 14.b3 c5 15.e5 Nh7 16.dxc5 Nxc5
17.Nxc5 Bxc5 18.Qc2 f5 19.exf6 Nxf6 20.Bc4 Bxf3 21.gxf3 Bd4 22.Rb1 Qh5 23.Bxe6+ Kh8
24.Qf5 Rae8 25.Qxh5 Nxh5 26.Bg4 Nf4  1/2-1/2

[Event "Landesliga Sued 9697 Bayern"]
[Site "Germany"]
[Date "1996.??.??"]
[Round "?"]
[White "Wild, Rudolf"]
[Black "Boehm, Uwe"]
[Result "0-1"]
[WhiteElo "2145"]
[BlackElo "2195"]

1.c4 c6 2.d4 d5 3.Nc3 Nf6 4.Nf3 e6 5.e3 Nbd7 6.Bd3 dxc4 7.Bxc4 b5 8.Bd3 a6
9.O-O c5 10.Re1 Bb7 11.a3 Be7 12.e4 cxd4 13.Nxd4 Ne5 14.Bf4 Nxd3 15.Qxd3 O-O
16.Rad1 Qb6 17.e5 Nd5 18.Nxd5 Bxd5 19.Nf5 exf5 20.Qxd5 Rad8 21.Qf3 Qe6 22.Bd2 Rd5
23.Ba5 Rxd1 24.Qxd1 Rc8 25.Qd3 g6 26.h3 Rc5 27.Bc3 Rd5 28.Qf3 Qd7 29.Qe3 Rd3
30.Qb6 Qe6 31.Qc7 Kg7 32.Rc1 Bg5 33.Re1 Bd8 34.Qb7 Be7 35.Rc1 Bg5 36.Re1 h5
37.Ra1 Bf4 38.Re1 h4 39.Bb4 Bg5 40.Bc3 Kh7 41.a4 Rd7 42.Qb8 bxa4 43.Ra1 a3
44.bxa3 Rd3 45.Qb4 Be7 46.Qa5 g5 47.Re1 g4 48.hxg4 fxg4 49.Bb4 Bg5 50.Qa4 Kg7
51.Qc2 Rd4 52.Qc5 Rd5 53.Qc3 Bd2 54.Qa1 Bxe1 55.Qxe1 h3 56.Qe3 Qf5 57.Bc3 Kg6  0-1

[Event "BL2-N9596"]
[Site "Germany"]
[Date "1996.??.??"]
[Round "?"]
[White "Thinius, Marco"]
[Black "Bauer, Reinhard"]
[Result "1-0"]
[WhiteElo "2310"]
[BlackElo "2315"]

1.Nf3 d5 2.d4 Nf6 3.c4 e6 4.Nc3 c6 5.e3 Be7 6.Bd3 O-O 7.O-O b6 8.e4 dxc4
9.Bxc4 Ba6 10.Bxa6 Nxa6 11.Qe2 Nb8 12.Rd1 Qc7 13.Bg5 Re8 14.Rac1 Qb7 15.Ne5 Nbd7
16.Nd3 Rac8 17.e5 Nd5 18.Bxe7 Nxc3 19.Rxc3 Rxe7 20.Qe4 f5 21.Qf3 Nb8 22.h4 Qd7
23.Nf4 Rd8 24.Qd3 Ree8 25.b4 Qe7 26.Qc4 Kf7 27.g3 Qd7 28.Rcd3 Kg8 29.Qb3 Kh8
30.Qc4 Rc8 31.a3 a6 32.Rc1 Rcd8 33.Qa2 Rc8 34.Qe2 Rcd8 35.Rcc3 g6 36.Rc1 Qf7
37.Kg2 Kg7 38.h5 g5 39.h6+ Kh8 40.Nh5 Rc8 41.Nf6 Red8 42.Qf3 Rc7 43.g4 f4
44.Qe4 Rdc8 45.Rdc3 Re7 46.Qd3 Rd8 47.Qe4 Qg6 48.Qxg6 hxg6 49.Rd3 a5 50.Ne4 axb4
51.axb4 Nd7 52.Rxc6 Nxe5 53.dxe5 Rxd3 54.Rc8+ Kh7 55.Nf6+ Kxh6 56.Ng8+ Kg7
57.Nxe7 Rd4 58.Rc7 Kf8 59.Nxg6+ Ke8 60.Re7+ Kd8 61.Rxe6 Rxb4 62.Rd6+ Kc7
63.Ne7 Re4 64.Nd5+  1-0

[Event "BL2-N9596"]
[Site "Germany"]
[Date "1996.??.??"]
[Round "?"]
[White "Thinius, Marco"]
[Black "Schoeneich, Matthias"]
[Result "0-1"]
[WhiteElo "2310"]
[BlackElo "2255"]

1.Nf3 d5 2.d4 c6 3.c4 Nf6 4.Nc3 e6 5.e3 Nbd7 6.Bd3 dxc4 7.Bxc4 b5 8.Bd3 Bb7
9.e4 b4 10.Na4 c5 11.e5 Nd5 12.O-O Be7 13.Nxc5 Nxc5 14.dxc5 Bxc5 15.Qe2 h6
16.Bd2 Qb6 17.Rac1 Rd8 18.Bb5+ Kf8 19.Bc4 a5 20.b3 Ke7 21.h4 Rd7 22.Rc2 Rc8
23.Rfc1 Rdc7 24.h5 Kf8 25.Bd3 Nc3 26.Bxc3 bxc3 27.Bc4 Bb4 28.Rd1 a4 29.Nd4 axb3
30.axb3 Ra8 31.Qg4 Kg8 32.Rd3 Qc5 33.Qg3 Be4 34.Nxe6 fxe6 35.Bxe6+ Kh8 36.Ra2 Rf8
37.Re3 c2 38.Rxc2 Bxc2 39.Bc4 Rcc8 40.e6 Rce8  0-1

[Event "Bundesliga 9596"]
[Site "Germany"]
[Date "1996.??.??"]
[Round "?"]
[White "Uhlmann, Wolfgang"]
[Black "Mueller, Karsten"]
[Result "1/2-1/2"]
[WhiteElo "2460"]
[BlackElo "2485"]

1.c4 c6 2.Nc3 d5 3.d4 e6 4.e3 Nf6 5.Nf3 Nbd7 6.Qc2 Bd6 7.b3 O-O 8.Be2 e5
9.cxd5 cxd5 10.Nb5 Bb4+ 11.Bd2 Bxd2+ 12.Nxd2 a6 13.dxe5 Nxe5 14.Nd4 Bg4 15.Bxg4 Nfxg4
16.O-O Rc8 17.Qd1 Nf6 18.N2f3 Qd6 19.Nxe5 Qxe5 20.Rc1 Ne4 21.Rc2 Nd6 22.h3 g6
23.Qa1 Nf5 24.Rd2 Rc5 25.Rfd1 Nd6 26.Rc1 Rfc8 27.Rxc5 Rxc5 28.Qd1 Ne4 29.Rc2 Qc7
30.Rxc5 Qxc5 31.Ne2 b5 32.Qd3 Qb4 33.Kf1 Nd2+ 34.Kg1 Ne4 35.Kf1 Nd2+  1/2-1/2

[Event "Oberliga Nord O9697"]
[Site "Germany"]
[Date "1996.??.??"]
[Round "?"]
[White "Thal, Olaf"]
[Black "Lueders, Gerhard"]
[Result "0-1"]
[WhiteElo "2320"]
[BlackElo "2195"]

1.d4 d5 2.c4 c6 3.Nc3 Nf6 4.Nf3 e6 5.e3 Ne4 6.cxd5 Nxc3 7.bxc3 cxd5 8.Bb5+ Nd7
9.O-O Bd6 10.Re1 O-O 11.e4 Qa5 12.Qb3 Qb6 13.exd5 exd5 14.Qxd5 Nf6 15.Qb3 Be6
16.Bc4 Bxc4 17.Qxc4 Rac8 18.Qd3 Qc6 19.Rb1 b6 20.Rb3 Rfe8 21.Rxe8+ Rxe8 22.Be3 Qa4
23.Rb2 Rc8 24.g3 g6 25.Nd2 Qa3 26.Rc2 Qa4 27.c4 Nd5 28.Qb3 Qc6 29.Nf1 b5
30.c5 Bf8 31.Bg5 a5 32.Ne3 Nb4 33.Rd2 h6 34.Bf4 Rd8 35.Ng4 g5 36.Ne5 Qd5
37.Qxd5 Nxd5 38.Be3 Nxe3 39.fxe3 Bxc5 40.Nc6 Rc8 41.Ne5 Bd6 42.Ng4 Kg7 43.e4 Bb4
44.Re2 a4 45.Ne3 a3 46.Kf2 Bc3 47.Rc2 b4 48.Ke2 Rb8 49.Rxc3 bxc3 50.Kd3 Rb2
51.Nc2 Rxa2 52.Kxc3 g4 53.e5 h5 54.d5 Kf8 55.Kb3 Rb2+ 56.Kc3 Ke7 57.Nxa3 Rxh2
58.d6+ Kd7 59.Nc4 Rh3  0-1